000
00320nam a22001457a 4500
008
230512b ||||| |||| 00| 0 eng d
020
_a
9780393007695
041
_a
eng
080
_a
101
082
_a
101FER
100
_a
44
101
_a
ENCI
245
_a
BEYOND THE PLEASURE PRINCIPLE
_c
FREUD S
942
_2
udc
_c
BK
999
_c
59695
_d
59695